000 00237nam a2200109Ia 4500
005 20251222152005.0
008 251222s9999||||xx |||||||||||||| ||spa||
082 _a658.56/I49A
245 0 _aAlgarroba
264 _bEncuentro
942 _cLIB
999 _c24695
_d24695